Water requirement and irrigation management of crops in India (Record no. 27574)
[ view plain ]
| 000 -LEADER | |
|---|---|
| fixed length control field | 00461nam a2200157Ia 4500 |
| 082 ## - DEWEY DECIMAL CLASSIFICATION NUMBER | |
| Classification number | 631.67(540) |
| Item number | IND |
| 245 #0 - TITLE STATEMENT | |
| Title | Water requirement and irrigation management of crops in India |
| 260 ## - PUBLICATION, DISTRIBUTION, ETC. (IMPRINT) | |
| Place of publication | New Delhi |
| Name of publisher | IARI |
| Year of publication | 1977 |
| 490 ## - SERIES STATEMENT | |
| Series statement | IARI monographs; no 4 |
| 650 ## - SUBJECT ADDED ENTRY--TOPICAL TERM | |
| Topical Term | Crop water estimation |
| 650 ## - SUBJECT ADDED ENTRY--TOPICAL TERM | |
| Topical Term | Evapotranspiration |
| 650 ## - SUBJECT ADDED ENTRY--TOPICAL TERM | |
| Topical Term | Soil water relations |
| 650 ## - SUBJECT ADDED ENTRY--TOPICAL TERM | |
| Topical Term | Water use efficiency |
| 942 ## - ADDED ENTRY ELEMENTS (KOHA) | |
| Koha item type | Books |
| Withdrawn status | Lost status | Damaged status | Not for loan | Home library | Current library | Date acquired | Full call number | Accession Number | Koha item type |
|---|---|---|---|---|---|---|---|---|---|
| RRII Library | RRII Library | 16/12/2021 | 631.67(540) IND | 08191 | Books |